Statistics for Women's 100 Metres Hurdles World Championships Medallists

Click here to take the quiz!

General Stats

  • This quiz has been taken 2 times
  • The average score is 19 of 54

Answer Stats

Year of WCMedallistNationality% Correct
1995 GöteborgGail DeversUnited States
100%
1999 SevillaGail DeversUnited States
100%
1991 TokyoGail DeversUnited States
100%
2001 EdmontonGail DeversUnited States
100%
1993 StuttgartGail DeversUnited States
100%
2001 EdmontonAnjanette KirklandUnited States
50%
2019 DohaDanielle WilliamsJamaica
50%
2015 BeijingDanielle WilliamsJamaica
50%
2011 DaeguDawn Harper-NelsonUnited States
50%
2017 LondonDawn Harper-NelsonUnited States
50%
2005 HelsinkiDelloreen Ennis-LondonJamaica
50%
2009 BerlinDelloreen Ennis-LondonJamaica
50%
2007 OsakaDelloreen Ennis-LondonJamaica
50%
1999 SevillaGlory AlozieNigeria
50%
2022 OregonJasmine Camacho-QuinnPuerto Rico
50%
2019 DohaKendra HarrisonUnited States
50%
1991 TokyoLudmila EngquistSoviet Union
50%
1997 AthínaLudmila EngquistSweden
50%
1999 SevillaLudmila EngquistSweden
50%
2005 HelsinkiMichelle PerryUnited States
50%
2007 OsakaMichelle PerryUnited States
50%
2019 DohaNia AliUnited States
50%
2001 EdmontonOlga ShishiginaKazakhstan
50%
1995 GöteborgOlga ShishiginaKazakhstan
50%
2003 Paris Saint-DenisPerdita FelicienCanada
50%
2007 OsakaPerdita FelicienCanada
50%
2009 BerlinPriscilla Lopes-SchliepCanada
50%
2013 MoskvaSally PearsonAustralia
50%
2017 LondonSally PearsonAustralia
50%
2011 DaeguSally PearsonAustralia
50%
2013 MoskvaTiffany PorterGreat Britain
50%
2022 OregonTobi AmusanNigeria
50%
2015 BeijingAlina TalayBelarus
0%
1983 HelsinkiBettine JahnEast Germany
0%
2013 MoskvaBrianna McNealUnited States
0%
2005 HelsinkiBrigitte Foster-HyltonJamaica
0%
2009 BerlinBrigitte Foster-HyltonJamaica
0%
2003 Paris Saint-DenisBrigitte Foster-HyltonJamaica
0%
2022 OregonBritany AndersonJamaica
0%
2015 BeijingCindy RolederGermany
0%
1987 RomaCornelia OschkenatEast Germany
0%
2011 DaeguDanielle CarruthersUnited States
0%
1983 HelsinkiGinka ZagorchevaBulgaria
0%
1987 RomaGinka ZagorchevaBulgaria
0%
1987 RomaGloria SiebertEast Germany
0%
1983 HelsinkiKerstin KnabeEast Germany
0%
1993 StuttgartLynda Tolbert-GoodeUnited States
0%
1993 StuttgartMarina AzyabinaRussia
0%
1997 AthínaMichelle FreemanUnited States
0%
2003 Paris Saint-DenisMiesha McKelvy-JonesUnited States
0%
1991 TokyoNatalya GrigoryevaSoviet Union
0%
2017 LondonPamela DutkiewiczGermany
0%
1997 AthínaSvetla PishtikovaBulgaria
0%
1995 GöteborgYuliya GraudynRussia
0%

Score Distribution

Percentile by Number Answered

Percent of People with Each Score

Your Score History

You have not taken this quiz